000 00300nam a22001217a 4500
008 180806b xxu||||| |||| 00| 0 eng d
082 _a813.52
245 _aWhen baby comes early a parent's guide to prematurity
_cDimes
260 _c2002
300 _a1
_fCD
440 _x09191604
942 _2ddc
_cMX
999 _c46804
_d46804